000 01604nam0a22003131 4500
001 v19\rc\1757865
005 20260406141056.0
035 _a(NLR Aleph) 005249169
090 _a5785697
_c5785697
100 _a20061204d1903 |||y0rusy50 ca
101 0 _arus
102 _aRU
105 _ac z |||cb
200 1 _aПолное собрание сочинений А.С. Грибоедова
_eС биогр. очерком и портр. А.С. Грибоедова, грав. на стали Ф.А. Брокгаузом в Лейпциге
_fПод ред. Арс. И. Введенского
205 _a2-е изд.
210 _aСанкт-Петербург
_cА.Ф. Маркс
_d1903
215 _a392 с., 1 л. фронт. (портр.)
_d20
316 _aЭкз. РНБ (38.75.2.31): деф.: нет портр.
_5NLR: 38.75.2.31
532 1 0 _aПолное собрание сочинений Александра Сергеевича Грибоедова
700 1 _8rus
_7ca
_aГрибоедов
_bА. С.
_f1795-1829
_gАлександр Сергеевич
_3RU\NLR\AUTH\773285
_9113290
702 1 _4340
_8rus
_7ca
_aВведенский
_bА. И.
_f1844-1909
_gАрсений Иванович
_3RU\NLR\AUTH\7771852
_954780
702 1 _4440
_8rus
_7ca
_aБрокгауз
_bФ. А.
_cиздатель
_f1772-1823
_gФридрих Арнольд
_3RU\NLR\AUTH\7725040
_98089
801 2 _aRU
_bNLR
_c20091011
_2rusmarc
801 0 _aRU
_bNLR
_c20061204
_gpsbo
801 0 _aRU
_bRuMoRGB
_c20061204
_2psbo
801 1 _aRU
_bProSoft-M
_c20061204
_2rusmarc
852 _aNLR
_j38.75.2.31
942 _cBOOK
980 _aNB